000 00713cab a2200217 4500
001 ABS58423
008 090401t1998 xxu||||| |||| 00| 0 eng d
035 _a(Sirsi) u84940
041 _aeng
100 _aBrown, P.
245 4 _aThe ABC of CPOs
260 _c1998
350 _a0
490 _aIRRV Insight
_v(2) March 1998, 59-60(2)
520 _aThe first in a series of articles looking at compulsory purchase orders. This issue outlines some of the main areas of compulsory purchase law.
650 _aCOMPULSORY PURCHASE ORDERS
650 _aLAW
690 _aENVIRONMENTAL AND LAND CONSULTANCY-PLANNING AND DEVELOPMENT-COMPULSORY PURCHASE AND COMPENSATION
942 _n0
948 _c17/03/1998
999 _c53401
_d53401